[Event "4NCL Division Four"]
[Site "Telford, ENG"]
[Date "2024.05.06"]
[Round "11.72"]
[White "Lancaster, Roger"]
[Black "Flynn, David"]
[Result "1-0"]
[WhiteElo "1948"]
[BlackElo "1933"]
[PlyCount "55"]
[EventDate "2024.05.06"]
[WhiteTeam "Watford A"]
[BlackTeam "Ashfield 2"]

1. e4 c5 2. Nc3 Nc6 3. g3 g6 4. Bg2 Bg7 5. d3 d6 6. f4 e5 7. Nf3 Nge7 8. O-O
O-O 9. Be3 Nd4 10. Qd2 Rb8 11. Nh4 exf4 12. Bxf4 Ne6 13. Bh6 b5 14. Bxg7 Kxg7
15. Rae1 b4 16. Nd5 Nxd5 17. exd5 Qg5 18. Qxg5 Nxg5 19. Re7 Rb7 20. Rfe1 Kf6
21. R7e3 h6 22. Bf3 Nxf3+ 23. Nxf3 Rd7 24. c4 Rc7 25. b3 Rd8 26. d4 cxd4 27.
Nxd4 a6 28. Nc6 1-0

[Event "4NCL Division Four"]
[Site "Telford, ENG"]
[Date "2024.05.06"]
[Round "11.73"]
[White "Bromilow, Edward T"]
[Black "Dairi, Ramsey"]
[Result "0-1"]
[WhiteElo "1819"]
[BlackElo "1814"]
[PlyCount "110"]
[EventDate "2024.05.06"]
[WhiteTeam "Ashfield 2"]
[BlackTeam "Watford A"]

1. d4 f5 2. Bg5 h6 3. Bh4 g5 4. e4 Nf6 5. e5 Bg7 6. exf6 Bxf6 7. Qh5+ Kf8 8. f4
gxh4 9. Qxf5 e6 10. Qd3 c5 11. Nf3 Nc6 12. c3 Qb6 13. Nbd2 cxd4 14. Nc4 Qc7 15.
g3 d5 16. Qg6 Qg7 17. Qxg7+ Kxg7 18. Nce5 dxc3 19. bxc3 hxg3 20. hxg3 Nxe5 21.
Nxe5 Bxe5 22. fxe5 Rf8 23. O-O-O Rf5 24. Bd3 Rxe5 25. Rh3 Bd7 26. Rf1 Rg5 27.
g4 Rf8 28. Rfh1 Rf6 29. Be2 e5 30. Rd1 Rd6 31. Bf3 Bxg4 32. Bxg4 Rxg4 33. Rh5
Rg5 34. Rh3 h5 35. Kc2 Kg6 36. Kd3 Rg4 37. Rdh1 Rg5 38. Rb1 Rb6 39. Rf1 Rb2 40.
Rf8 h4 41. Rh8 Rg3+ 42. Rxg3+ hxg3 43. Rg8+ Kf5 44. Rxg3 Rxa2 45. Rf3+ Ke6 46.
Rf8 a5 47. Rb8 Rb2 48. Ra8 b6 49. Rh8 a4 50. Rh6+ Kd7 51. Rh5 a3 52. Rh8 a2 53.
Ra8 Kc6 54. Ra4 Kc5 55. Ra8 e4+ 0-1

[Event "4NCL Division Four"]
[Site "Telford, ENG"]
[Date "2024.05.06"]
[Round "11.74"]
[White "Liu, Jacob"]
[Black "Radford, Mark Sr"]
[Result "1-0"]
[WhiteElo "1689"]
[BlackElo "1753"]
[PlyCount "59"]
[EventDate "2024.05.06"]
[WhiteTeam "Watford A"]
[BlackTeam "Ashfield 2"]

1. e4 e6 2. d4 d5 3. Nd2 Nf6 4. e5 Nfd7 5. Bd3 c5 6. c3 Nc6 7. Ne2 f6 8. exf6
Nxf6 9. Nf3 cxd4 10. cxd4 Bd6 11. O-O O-O 12. Re1 Qc7 13. Nc3 a6 14. a3 h6 15.
h3 Bd7 16. Be3 Rae8 17. Rc1 Qa5 18. Bg6 Re7 19. Qd2 Qc7 20. Na4 Be8 21. Bb1 Ne4
22. Qd1 Bh5 23. g4 Bg6 24. Nc5 Qc8 25. Nh4 Bh7 26. Nxe4 dxe4 27. d5 exd5 28.
Qxd5+ Qe6 $11 29. Qxe6+ Rxe6 30. Ba2 1-0

[Event "4NCL Division Four"]
[Site "Telford, ENG"]
[Date "2024.05.06"]
[Round "11.75"]
[White "Bentley, Alex"]
[Black "Dairi, Mahmoud"]
[Result "1-0"]
[WhiteElo "1777"]
[BlackElo "1310"]
[PlyCount "63"]
[EventDate "2024.05.06"]
[WhiteTeam "Ashfield 2"]
[BlackTeam "Watford A"]

1. e4 c5 2. Nc3 g6 3. f4 Bg7 4. Nf3 a6 5. a4 Nc6 6. Bc4 d6 7. O-O Bg4 8. Bxf7+
Kxf7 9. Ng5+ Ke8 10. Qxg4 Qc8 11. Qd1 Bxc3 12. bxc3 h6 13. Nf3 Nf6 14. e5 dxe5
15. fxe5 Nd7 16. Qe2 Nf8 17. d4 cxd4 18. cxd4 Qg4 19. c3 Rc8 20. Bd2 g5 21. Qd3
Rg8 22. Rab1 Rc7 23. d5 Qd7 24. Qe4 Na5 25. Rb4 Rc5 26. c4 Qc8 27. Rc1 Ng6 28.
Be3 Rc7 29. Bb6 Rxc4 30. Rbxc4 Nxc4 31. Rxc4 Qd7 32. e6 1-0

[Event "4NCL Division Four"]
[Site "Telford, ENG"]
[Date "2024.05.06"]
[Round "11.76"]
[White "Dairi, Daniella"]
[Black "Graham, Neil"]
[Result "0-1"]
[WhiteElo "778"]
[BlackElo "1749"]
[PlyCount "32"]
[EventDate "2024.05.06"]
[WhiteTeam "Watford A"]
[BlackTeam "Ashfield 2"]

1. e4 e5 2. Nf3 Nf6 3. Nc3 Nc6 4. Bc4 Nxe4 5. Bxf7+ Kxf7 6. Nxe4 d5 7. Neg5+
Kg8 8. d3 h6 9. Nh3 Bg4 10. Bd2 e4 11. Nhg1 exf3 12. gxf3 Qe7+ 13. Be3 d4 14.
fxg4 dxe3 15. f3 Qh4+ 16. Ke2 Qf2# 0-1

[Event "4NCL Division Four"]
[Site "Telford, ENG"]
[Date "2024.05.06"]
[Round "11.81"]
[White "Wasilak, Piotr"]
[Black "Williams, Ana"]
[Result "1/2-1/2"]
[WhiteElo "1982"]
[BlackElo "1932"]
[PlyCount "128"]
[EventDate "2024.05.06"]
[WhiteTeam "Iceni 2"]
[BlackTeam "She Plays To Win Uni"]

1. e4 c5 2. Nf3 d6 3. g3 Nf6 4. d3 g6 5. Bg2 Bg7 6. c3 O-O 7. Nbd2 Nc6 8. O-O
b5 9. a3 Rb8 10. Re1 b4 11. axb4 cxb4 12. d4 bxc3 13. bxc3 a6 14. Qa4 Qc7 15.
Qc4 Rb5 16. Ba3 d5 17. exd5 Nxd5 18. Ne5 Nxe5 19. dxe5 Qxc4 20. Nxc4 Be6 21.
Nd6 exd6 22. c4 Ra5 23. cxd5 Bxd5 24. Bxd6 Rxa1 25. Rxa1 Rd8 26. Rxa6 Bc4 27.
Ra8 Rxa8 28. Bxa8 f6 29. exf6 Bxf6 30. Kg2 Kg7 31. Bc5 Bf7 32. Kf3 h5 33. h4
Be6 34. Kf4 Bf7 35. Bc6 Be6 36. Bd6 Bd4 37. Kf3 Bg4+ 38. Kg2 Be6 39. Bf4 Bg4
40. Be3 Bc3 41. f3 Bf5 42. Bg5 Bd4 43. Bf4 Be6 44. Bb5 Bf5 45. Kf1 Bc8 46. Ke2
Bb7 47. Bd3 Bd5 48. Be4 Bc4+ 49. Kd2 Kh7 50. Be3 Bf6 51. Bc6 Kg7 52. Bf2 Bb2
53. Ke3 Kf6 54. Ke4 Bc3 55. Bd4+ Bxd4 56. Kxd4 Be6 57. Ke4 Bf5+ 58. Kd5 Be6+
59. Kd4 Bf5 60. Ke3 Be6 61. Kf4 Bf5 62. g4 Bxg4 63. fxg4 hxg4 64. Kxg4 Kg7
1/2-1/2

[Event "4NCL Division Four"]
[Site "Telford, ENG"]
[Date "2024.05.06"]
[Round "11.82"]
[White "Wabuti, Rose"]
[Black "Rosenbach, Martin"]
[Result "1/2-1/2"]
[WhiteElo "1756"]
[BlackElo "1890"]
[PlyCount "127"]
[EventDate "2024.05.06"]
[WhiteTeam "She Plays To Win Uni"]
[BlackTeam "Iceni 2"]

1. Nf3 c5 2. g3 Nc6 3. c4 g6 4. Bg2 Bg7 5. Nc3 e6 6. e3 Nge7 7. d4 cxd4 8. exd4
d5 9. cxd5 Nxd5 10. Nxd5 Qxd5 11. Be3 O-O 12. O-O Qb5 13. Qc2 Bd7 14. a4 Qa5
15. Bd2 Qd8 16. Bc3 Rc8 17. Qb3 b6 18. Ne5 Nxe5 19. dxe5 Bc6 20. Rad1 Qc7 21.
Bxc6 Qxc6 22. Rd6 Qf3 23. Qd1 Qb7 24. Qd3 Rc6 25. Rd7 Rc7 26. Rd1 Rxd7 27. Qxd7
Qb8 28. f4 Re8 29. Bb4 Bf8 30. Bd6 Bxd6 31. exd6 Qc8 32. Qc7 Rd8 33. Kf2 Qd7
34. Ke3 Kf8 35. Qxd7 Rxd7 36. Ke4 f6 37. g4 Kf7 38. f5 g5 39. h3 h6 40. b4 a6
41. Rd2 Rd8 42. b5 a5 43. Rd3 Rd7 44. Rd1 Rd8 45. d7 Ke7 46. fxe6 Kxe6 47. Rd3
Rxd7 48. Rxd7 Kxd7 49. Kd5 f5 50. gxf5 h5 51. Ke4 Kd6 52. Kd4 Ke7 53. Ke5 Kf7
54. f6 g4 55. hxg4 hxg4 56. Kf4 Kxf6 57. Kxg4 Ke5 58. Kf3 Kd4 59. Kf4 Kc4 60.
Ke4 Kb3 61. Kd5 Kxa4 62. Kc6 Kb4 63. Kxb6 a4 64. Kc6 1/2-1/2

[Event "4NCL Division Four"]
[Site "Telford, ENG"]
[Date "2024.05.06"]
[Round "11.83"]
[White "Feavyour, John A"]
[Black "Desheva, Evie"]
[Result "0-1"]
[WhiteElo "1886"]
[BlackElo "1656"]
[PlyCount "44"]
[EventDate "2024.05.06"]
[WhiteTeam "Iceni 2"]
[BlackTeam "She Plays To Win Uni"]

1. d4 d5 2. c4 e5 3. dxe5 d4 4. Nf3 Nc6 5. e3 Bb4+ 6. Nbd2 dxe3 7. fxe3 Bg4 8.
Be2 Bxf3 9. Bxf3 Qh4+ 10. Ke2 Rd8 11. Qa4 Nge7 12. a3 Bxd2 13. Bxd2 O-O 14. Bc3
a6 15. Qb3 Qg5 16. h4 Qf5 17. Rad1 Nxe5 18. Bxe5 Qxe5 19. Rxd8 Rxd8 20. Rd1 Re8
21. Rd4 Nf5 22. Rd5 Qxd5 0-1

[Event "4NCL Division Four"]
[Site "Telford, ENG"]
[Date "2024.05.06"]
[Round "11.84"]
[White "Agarwal, Aditi"]
[Black "Donaghay, Richard H"]
[Result "1/2-1/2"]
[WhiteElo "1743"]
[BlackElo "1851"]
[PlyCount "70"]
[EventDate "2024.05.06"]
[WhiteTeam "She Plays To Win Uni"]
[BlackTeam "Iceni 2"]

1. Nf3 g6 2. g3 Bg7 3. Bg2 d6 4. O-O Nd7 5. e4 b6 6. d4 e6 7. Re1 Ne7 8. c3 Bb7
9. Nbd2 O-O 10. e5 dxe5 11. dxe5 Rb8 12. a4 Nc6 13. Nc4 Ba6 14. Bg5 Qc8 15. Ne3
Ndxe5 16. Nh4 f6 17. Bf4 Bb7 18. Qe2 g5 19. Bxe5 Nxe5 20. Nf3 Nxf3+ 21. Bxf3
Bxf3 22. Qxf3 Qb7 23. Qxb7 Rxb7 24. Rad1 c5 25. Rd6 Kf7 26. Kg2 Re8 27. Kf3 Bf8
28. Rd3 Kg6 29. Red1 e5 30. Rd7 e4+ 31. Ke2 Rxd7 32. Rxd7 Re7 33. Rd8 Rf7 34.
Re8 f5 35. Nc4 Bg7 1/2-1/2

[Event "4NCL Division Four"]
[Site "Telford, ENG"]
[Date "2024.05.06"]
[Round "11.85"]
[White "Kent, Rowan"]
[Black "Dorman, Orla"]
[Result "1/2-1/2"]
[WhiteElo "1706"]
[BlackElo "1709"]
[PlyCount "46"]
[EventDate "2024.05.06"]
[WhiteTeam "Iceni 2"]
[BlackTeam "She Plays To Win Uni"]

1. e4 e6 2. d4 d5 3. exd5 exd5 4. Nf3 Nf6 5. Bd3 Bd6 6. Qe2+ Qe7 7. Qxe7+ Bxe7
8. O-O O-O 9. Bf4 c6 10. Re1 Re8 11. Nbd2 Bg4 12. Ne5 Nbd7 13. Nxg4 Nxg4 14.
Bf5 Ngf6 15. Re2 Nb6 16. Rae1 Bf8 17. Be5 Nfd7 18. Bc7 Nf6 19. Rxe8 Nxe8 20.
Be5 Nd6 21. Bd3 Re8 22. Kf1 f6 23. Bf4 Rxe1+ 1/2-1/2

[Event "4NCL Division Four"]
[Site "Telford, ENG"]
[Date "2024.05.06"]
[Round "11.86"]
[White "Ravi, Vash"]
[Black "Rosenbach, Philip"]
[Result "1-0"]
[WhiteElo "1693"]
[BlackElo "1497"]
[PlyCount "65"]
[EventDate "2024.05.06"]
[WhiteTeam "She Plays To Win Uni"]
[BlackTeam "Iceni 2"]

1. d4 Nf6 2. c4 c6 3. Nc3 d5 4. Nf3 Bf5 5. e3 e6 6. cxd5 Nxd5 7. Bd3 Bb4 8. O-O
Nxc3 9. bxc3 Bxc3 10. Rb1 b6 11. Bxf5 exf5 12. Qd3 Ba5 13. Qxf5 O-O 14. Bb2 Qd7
15. Qh5 h6 16. e4 Qe6 17. e5 Qxa2 18. Nh4 Qe6 19. f4 Nd7 20. f5 Qb3 21. f6 Qe3+
22. Rf2 Be1 23. Rxe1 Qxe1+ 24. Rf1 Qe3+ 25. Kh1 Qg5 26. Qxg5 hxg5 27. Nf5 gxf6
28. Ne7+ Kg7 29. exf6+ Nxf6 30. d5 c5 31. Bxf6+ Kh7 32. Rf3 Rae8 33. Rh3# 1-0

[Event "4NCL Division Four"]
[Site "Telford, ENG"]
[Date "2024.05.06"]
[Round "11.91"]
[White "Vachtfeidl, Petr"]
[Black "Eccleston, Bryony"]
[Result "1-0"]
[WhiteElo "1949"]
[BlackElo "1591"]
[PlyCount "59"]
[EventDate "2024.05.06"]
[WhiteTeam "CSC/Kingston 3"]
[BlackTeam "She Plays To Win Young Stars B"]

1. d4 Nf6 2. c4 e5 3. dxe5 Ng4 4. Bf4 Bb4+ 5. Nd2 Nc6 6. Ngf3 Qe7 7. e3 Ngxe5
8. Nxe5 Nxe5 9. a3 Bxd2+ 10. Qxd2 d6 11. Be2 O-O 12. O-O b6 13. b4 Bb7 14. Rac1
Rad8 15. Qc3 Ng6 16. Bg3 Nh4 17. f3 Rfe8 18. Rfe1 Nf5 19. Bf2 Qg5 20. e4 Nh4
21. Bf1 Re6 22. Bg3 Ng6 23. Red1 h5 24. Qd2 Qxd2 25. Rxd2 Rde8 26. c5 dxc5 27.
bxc5 Rc6 28. Bb5 Ree6 29. Bxc6 Rxc6 30. Rd7 1-0

[Event "4NCL Division Four"]
[Site "Telford, ENG"]
[Date "2024.05.06"]
[Round "11.92"]
[White "Wilde, Grace"]
[Black "Grey, Nicholas D"]
[Result "1/2-1/2"]
[WhiteElo "1567"]
[BlackElo "1705"]
[PlyCount "95"]
[EventDate "2024.05.06"]
[WhiteTeam "She Plays To Win Young Stars B"]
[BlackTeam "CSC/Kingston 3"]

1. d4 Nf6 2. c4 c5 3. e3 cxd4 4. exd4 g6 5. Nc3 Bg7 6. Nf3 d6 7. Be3 O-O 8. Be2
Nbd7 9. O-O Nb6 10. Rc1 Ng4 11. Bf4 a5 12. b3 Nf6 13. Qd2 d5 14. Nb5 Ne4 15.
Qd1 Nd6 16. Nxd6 exd6 17. c5 dxc5 18. dxc5 Nd7 19. Qxd5 Nf6 20. Qxd8 Rxd8 21.
Rfd1 Be6 22. h3 Ne4 23. Be5 Bf8 24. Rxd8 Rxd8 25. Bd4 Rc8 26. c6 bxc6 27. Ba6
Rd8 28. Rxc6 Nd2 29. Nxd2 Rxd4 30. Nf3 Rd1+ 31. Kh2 Bd5 32. Rc8 Kg7 33. Be2
Bd6+ 34. g3 Ra1 35. Rd8 Bxf3 36. Bxf3 Bc5 37. Rd2 Bb4 38. Rc2 Re1 39. Kg2 Re5
40. Rc7 Rc5 41. Rxc5 $11 Bxc5 42. Bc6 Kf6 43. Kf3 Ke6 44. Ke2 Ke5 45. f3 Kd4
46. a4 Kc3 47. Bd5 f6 48. g4 1/2-1/2

[Event "4NCL Division Four"]
[Site "Telford, ENG"]
[Date "2024.05.06"]
[Round "11.93"]
[White "Eckert, Jonathan"]
[Black "Shiva, Shrishti"]
[Result "1/2-1/2"]
[WhiteElo "1755"]
[BlackElo "1604"]
[PlyCount "59"]
[EventDate "2024.05.06"]
[WhiteTeam "CSC/Kingston 3"]
[BlackTeam "She Plays To Win Young Stars B"]

1. e4 e5 2. Nc3 Nc6 3. Nf3 Nf6 4. Bc4 h6 5. d3 Bc5 6. O-O d6 7. h3 Be6 8. Bb3
O-O 9. Be3 Nd7 10. d4 exd4 11. Nxd4 Nxd4 12. Bxd4 Bxd4 13. Qxd4 Bxb3 14. axb3
Nb6 15. f4 f5 16. Rae1 Rb8 17. e5 dxe5 18. Qxe5 c6 19. Rd1 Qe8 20. Rfe1 Qf7 21.
Qe6 Rbd8 22. Qxf7+ Kxf7 23. Kf2 Rfe8 $11 24. Rxe8 Rxe8 25. g4 g6 26. Kf3 Re6
27. Ra1 a6 28. Rd1 Ke7 29. Rd3 Re1 30. Re3+ $11 1/2-1/2

[Event "4NCL Division Four"]
[Site "Telford, ENG"]
[Date "2024.05.06"]
[Round "11.94"]
[White "Lowe, Catherine"]
[Black "Cooke, Charlie"]
[Result "1/2-1/2"]
[WhiteElo "1413"]
[BlackElo "1611"]
[PlyCount "92"]
[EventDate "2024.05.06"]
[WhiteTeam "She Plays To Win Young Stars B"]
[BlackTeam "CSC/Kingston 3"]

1. e4 e5 2. Nf3 Nf6 3. Nc3 Nc6 4. Bb5 Nd4 5. Nxd4 exd4 6. e5 dxc3 7. exf6 cxd2+
8. Bxd2 Qxf6 9. Qe2+ Qe6 10. Qxe6+ fxe6 11. O-O Be7 12. Bc3 O-O 13. Rad1 c6 14.
Bd3 a5 15. a4 Bf6 16. Bxf6 gxf6 17. Rfe1 d5 18. f4 Bd7 19. Re3 Rae8 20. Rf1 Re7
21. c3 Rg7 22. Rb1 Kf7 23. Rd1 Ke7 24. Rh3 Rh8 25. Re1 e5 26. Rhe3 e4 27. Bc2
f5 28. h3 Rhg8 29. R1e2 Kd6 30. Bb3 Rf8 31. Kf2 Rf6 32. Rg3 Rfg6 33. Rxg6+ hxg6
34. g3 Rh7 35. h4 c5 36. Rd2 Bc6 37. Ke3 Rd7 38. Rd1 Ke6 39. Rd2 b5 40. axb5
Bxb5 41. Bc2 Kd6 42. Rd1 Kc6 43. Rd2 Ra7 44. Rh2 Rd7 45. Rd2 Ra7 46. Rh2 Rd7
1/2-1/2

[Event "4NCL Division Four"]
[Site "Telford, ENG"]
[Date "2024.05.06"]
[Round "11.102"]
[White "McLean, Rory"]
[Black "Mehta, Sophie"]
[Result "1-0"]
[WhiteElo "1712"]
[BlackElo "1693"]
[PlyCount "53"]
[EventDate "2024.05.06"]
[WhiteTeam "Barnet Knights C"]
[BlackTeam "She Plays To Win Young Stars A"]

1. d4 Nf6 2. c4 e5 3. dxe5 Ng4 4. Bf4 Nc6 5. Nf3 Bb4+ 6. Nbd2 Qe7 7. e3 Ngxe5 8. Nxe5 Nxe5 9. Be2 d6 10. O-O Bxd2 11. Qxd2 b6 12. b4 O-O 13. c5 dxc5 14. Qd5 Ng6 15. Qxa8 Bg4 16. Qxf8+ Qxf8 17. Bxg4 Nxf4 18. exf4 f5 19. Bf3 cxb4 20. Bd5+ Kh8 21. Rfe1 g6 22. Re5 Kg7 23. Rae1 Qd6 24. g3 Kh6 25. Bg8 Kh5 26. h3 g5 27. Rxf5 1-0

[Event "4NCL Division Four"]
[Site "Telford, ENG"]
[Date "2024.05.06"]
[Round "11.103"]
[White "Keen, Maya"]
[Black "Michener, Max"]
[Result "1-0"]
[WhiteElo "1659"]
[BlackElo "1546"]
[PlyCount "113"]
[EventDate "2024.05.06"]
[WhiteTeam "She Plays To Win Young Stars A"]
[BlackTeam "Barnet Knights C"]

1. d4 f5 2. c4 Nf6 3. Nf3 e6 4. a3 b6 5. g3 Bb7 6. Bg2 g6 7. Nc3 Bg7 8. O-O d6 9. Re1 Nbd7 10. Ng5 Bxg2 11. Nxe6 Qe7 12. Nxg7+ Qxg7 13. Kxg2 O-O 14. Bg5 h6 15. Bd2 Rae8 16. f3 c6 17. Qc2 g5 18. e4 Nh5 19. Qd3 fxe4 20. Nxe4 Qg6 21. Qb3 g4 22. fxg4 Rxe4 23. gxh5 Qf5 24. Bf4 Rxd4 25. Qe3 Rxc4 26. Qe6+ Qxe6 27. Rxe6 Rc2+ 28. Kh3 Rxb2 29. Rxd6 Rb3 30. Bxh6 Rf7 31. Kh4 Rb2 32. h3 Rc2 33. g4 Ne5 34. Be3 Rg2 35. h6 Nf3+ 36. Kh5 Rh2 37. g5 Rxh3+ 38. Kg4 Rh4+ 39. Kg3 Re4 40. h7+ Kxh7 41. g6+ Kg7 42. gxf7 Rxe3 43. f8=Q+ Kxf8 44. Rf6+ Ke7 45. Rxf3 Re5 46. Rh1 c5 47. Rh7+ Kd6 48. Rxa7 Kc6 49. Rf6+ Kb5 50. a4+ Kc4 51. Rxb6 Kd3 52. Rd6+ Kc2 53. a5 c4 54. a6 Kb2 55. Rb7+ Kc2 56. a7 Re8 57. Rb8 1-0

[Event "4NCL Division Four"]
[Site "Telford, ENG"]
[Date "2024.05.06"]
[Round "11.104"]
[White "Horwood, Alexander"]
[Black "Wilson, Florence"]
[Result "1/2-1/2"]
[WhiteElo "1438"]
[BlackElo "1634"]
[PlyCount "52"]
[EventDate "2024.05.06"]
[WhiteTeam "Barnet Knights C"]
[BlackTeam "She Plays To Win Young Stars A"]

1. e4 e5 2. Nf3 Nc6 3. d4 exd4 4. Nxd4 Nf6 5. Nxc6 bxc6 6. e5 Qe7 7. Qe2 Nd5 8. c4 Nb6 9. Nc3 Qe6 10. b3 a5 11. a3 Bc5 12. Ne4 Bd4 13. Bb2 Bxb2 14. Qxb2 O-O 15. Bd3 h6 16. O-O d5 17. exd6 cxd6 18. Rfe1 Qd7 19. Re3 f6 20. Qd4 d5 21. cxd5 Nxd5 22. Bc4 Kh8 23. Rd3 Rd8 24. Rad1 Qe7 25. a4 Bf5 26. f3 Rd7 1/2-1/2

[Event "4NCL Division Four"]
[Site "Telford, ENG"]
[Date "2024.05.06"]
[Round "11.105"]
[White "Sengupta, Sohana"]
[Black "Lee, Xander"]
[Result "1-0"]
[WhiteElo "1575"]
[BlackElo "1490"]
[PlyCount "63"]
[EventDate "2024.05.06"]
[WhiteTeam "She Plays To Win Young Stars A"]
[BlackTeam "Barnet Knights C"]

1. e4 d6 2. d4 Nf6 3. Nc3 g6 4. f4 Bg7 5. Bd3 O-O 6. Nf3 Nbd7 7. O-O Nb6 8. h3 c5 9. d5 e6 10. Be2 exd5 11. exd5 Bf5 12. h4 Bd7 13. Kh2 Re8 14. Rg1 Nfxd5 15. Nxd5 Nxd5 16. Re1 Bc6 17. c3 Nxc3 18. bxc3 Bxc3 19. Bd2 Bxa1 20. Qxa1 Rxe2 21. Rxe2 Bxf3 22. Rf2 Be4 23. Bc3 d5 24. Bf6 Qf8 25. Qe5 Rc8 26. f5 Qe8 27. Qf4 Qd7 28. fxg6 hxg6 29. Qh6 Qd6+ 30. Rf4 Qxf4+ 31. Qxf4 Kh7 32. Bg5 1-0

[Event "4NCL Division Four"]
[Site "Telford, ENG"]
[Date "2024.05.06"]
[Round "11.106"]
[White "Wen, Liana"]
[Black "Scott, Jane"]
[Result "1-0"]
[WhiteElo "1430"]
[BlackElo "1579"]
[PlyCount "33"]
[EventDate "2024.05.06"]
[WhiteTeam "Barnet Knights C"]
[BlackTeam "She Plays To Win Young Stars A"]

1. e4 e5 2. Nf3 Nc6 3. Nc3 Nf6 4. Bb5 Nd4 5. Nxd4 exd4 6. e5 dxc3 7. exf6 cxd2+
8. Bxd2 Qxf6 9. O-O Be7 10. Bc3 Qg5 11. Re1 a6 12. Re5 Qf6 13. Qd2 O-O 14. Rae1
Qg6 15. Bd3 Qc6 16. Rxe7 Qd5 17. Bxh7+ 1-0

[Event "4NCL Division Four"]
[Site "Telford, ENG"]
[Date "2024.05.06"]
[Round "11.111"]
[White "MacLeod, Alasdair"]
[Black "Tarr, Steve F"]
[Result "0-1"]
[WhiteElo "1831"]
[BlackElo "1780"]
[PlyCount "142"]
[EventDate "2024.05.06"]
[WhiteTeam "English Deaf Chess Association"]
[BlackTeam "War and Piece B"]

1. e4 c5 2. Nf3 g6 3. d4 cxd4 4. Nxd4 Nc6 5. Nc3 Bg7 6. Be3 Nf6 7. Nb3 O-O 8. f3 a5 9. a4 Nb4 10. Bd4 Nc6 11. Be3 Nb4 12. Bd4 Nc6 13. Be3 d6 14. Qd2 Nb4 15. Bd4 Be6 16. Rc1 Bxb3 17. cxb3 e5 18. Be3 d5 19. exd5 Nfxd5 20. Bc5 Nxc3 21. Qxd8 Rfxd8 22. bxc3 Bh6 23. cxb4 Bxc1 24. bxa5 Bd2+ 25. Kf2 Bxa5 26. Bc4 Rd2+ 27. Kg3 Rad8 28. Be7 R8d7 29. Bf6 Bc7 30. Kh3 Rd1 31. Rxd1 Rxd1 32. Be2 Re1 33. Bc4 e4 34. fxe4 Re3+ 35. g3 Rxe4 36. Bd5 Re3 37. Kg2 Rd3 38. Bc4 Rd2+ 39. Kg1 Bb6+ 40. Kh1 h5 41. Be5 g5 42. h4 Rd1+ 43. Kg2 g4 44. Bf4 Rb1 45. Be5 Bc5 46. Bd5 b6 47. Bc4 Kf8 48. Bf6 Bd6 49. Bd4 Bc7 50. Bf6 Rc1 51. Bd4 Rc2+ 52. Kf1 Ke7 53. Bf2 Rc3 54. Kg2 f5 55. Bd5 Rc2 56. Kf1 Rd2 57. Bc4 Kf6 58. Ke1 Rd8 59. Ke2 Re8+ 60. Kd3 Rb8 61. Bd4+ Be5 62. Bf2 f4 63. gxf4 Bxf4 64. Ke4 Be5 65. Be3 Bc7 66. Bg5+ Kg6 67. Be3 Re8+ 68. Kd3 g3 69. Bd5 Rd8 70. Ke4 g2 71. Kd4 Bh2 0-1

[Event "4NCL Division Four"]
[Site "Telford, ENG"]
[Date "2024.05.06"]
[Round "11.112"]
[White "Morrison, Munroe L"]
[Black "Gardner, Phillip K"]
[Result "1/2-1/2"]
[WhiteElo "1701"]
[BlackElo "1789"]
[PlyCount "31"]
[EventDate "2024.05.06"]
[WhiteTeam "War and Piece B"]
[BlackTeam "English Deaf Chess Association"]

1. e4 c5 2. Nc3 a6 3. g3 b5 4. Bg2 Bb7 5. d3 g6 6. Nh3 Bg7 7. O-O e6 8. Rb1 Ne7 9. f4 O-O 10. Ne2 d6 11. c3 d5 12. e5 Nd7 13. d4 a5 14. g4 b4 15. Ng3 Ba6 16. Rf2 1/2-1/2

[Event "4NCL Division Four"]
[Site "Telford, ENG"]
[Date "2024.05.06"]
[Round "11.113"]
[White "David, Barry A H"]
[Black "Chapman, Chas"]
[Result "1-0"]
[WhiteElo "1691"]
[BlackElo "1546"]
[PlyCount "48"]
[EventDate "2024.05.06"]
[WhiteTeam "English Deaf Chess Association"]
[BlackTeam "War and Piece B"]

1. e4 c5 2. Nf3 d6 3. d4 cxd4 4. Nxd4 g6 5. Be3 Bg7 6. Qd2 Nf6 7. f3 O-O 8. Nc3 Nc6 9. O-O-O a5 10. g4 Nxd4 11. Bxd4 h5 12. gxh5 Nxh5 13. Bxg7 Kxg7 14. e5 Be6 15. exd6 Qxd6 16. Qxd6 exd6 17. Rxd6 Rfd8 18. Rxd8 Rxd8 19. b3 Nf4 20. a4 g5 21. Rg1 Kh6 22. Ne4 Rg8 23. h4 g4 24. Nf6 g3 1-0

[Event "4NCL Division Four"]
[Site "Telford, ENG"]
[Date "2024.05.06"]
[Round "11.114"]
[White "Collins, Nigel"]
[Black "Ajimal, Jet"]
[Result "1/2-1/2"]
[WhiteElo "1488"]
[BlackElo "1690"]
[PlyCount "121"]
[EventDate "2024.05.06"]
[WhiteTeam "War and Piece B"]
[BlackTeam "English Deaf Chess Association"]

1. c4 e5 2. Nc3 Nf6 3. g3 Nc6 4. Bg2 Bc5 5. e3 d6 6. Nge2 Rb8 7. d4 exd4 8. exd4 Bb6 9. O-O O-O 10. h3 Bf5 11. a3 Re8 12. Be3 a6 13. b4 Ne7 14. c5 dxc5 15. dxc5 Ba7 16. Qxd8 Rexd8 17. Rad1 b6 18. cxb6 Bxb6 19. Bxb6 cxb6 20. Kh2 Be6 21. Nf4 Bc4 22. Rxd8+ Rxd8 23. Rd1 Rxd1 24. Nxd1 g5 25. Ne3 Bb5 26. Ned5 Nfxd5 27. Nxd5 Nxd5 28. Bxd5 Kg7 29. f4 h6 30. Kg2 f5 31. Kf3 Bf1 32. h4 gxh4 33. gxh4 Kg6 34. Kg3 Bd3 35. Kf3 Kf6 36. Ke3 Bc2 37. Bc4 a5 38. bxa5 bxa5 39. Bd5 Bd1 40. Bc4 Ba4 41. Bd5 Kg6 42. Kf3 Be8 43. Kg3 Bf7 44. Bf3 Kf6 45. Kf2 Ke6 46. Ke3 Ke7 47. Kd3 Kd7 48. Kc3 Kc7 49. Bg2 Bh5 50. Kc4 Kb6 51. Bd5 Be2+ 52. Kc3 Kb5 53. Be6 Bg4 54. Bd7+ Kc5 55. Kd3 Kd5 56. Bb5 Bh3 57. Bd7 Bf1+ 58. Ke3 Bh3 59. Kd3 Kd6 60. Bc8 Kc7 61. Be6 1/2-1/2

[Event "4NCL Division Four"]
[Site "Telford, ENG"]
[Date "2024.05.06"]
[Round "11.115"]
[White "Gibson, Stephen"]
[Black "Thomas, Jacob"]
[Result "1/2-1/2"]
[WhiteElo "1503"]
[BlackElo "1507"]
[PlyCount "55"]
[EventDate "2024.05.06"]
[WhiteTeam "English Deaf Chess Association"]
[BlackTeam "War and Piece B"]

1. e4 c5 2. d4 cxd4 3. c3 dxc3 4. Nxc3 e6 5. Nf3 Be7 6. Bc4 d6 7. O-O Nf6 8. Qe2 Nbd7 9. Rd1 a6 10. e5 dxe5 11. Nxe5 O-O 12. Nxf7 Kxf7 13. Qxe6+ Ke8 14. Be3 Qc7 15. Nd5 Nxd5 16. Bxd5 Nf6 17. Qb6 Nxd5 18. Rxd5 Qxb6 19. Bxb6 Be6 20. Re5 Kf7 21. Rae1 Bb4 22. R1e4 Rac8 23. f3 Rc1+ 24. Kf2 Be1+ 25. Rxe1 Rxe1 26. Kxe1 Bxa2 27. Rf5+ Ke8 28. Rxf8+ 1/2-1/2

[Event "4NCL Division Four"]
[Site "Telford, ENG"]
[Date "2024.05.06"]
[Round "11.116"]
[White "Bradley, Eric"]
[Black "Fletcher, Ben J"]
[Result "0-1"]
[WhiteElo "1317"]
[BlackElo "1356"]
[PlyCount "48"]
[EventDate "2024.05.06"]
[WhiteTeam "War and Piece B"]
[BlackTeam "English Deaf Chess Association"]

1. e4 c5 2. c4 Nc6 3. b3 d6 4. Bb2 Nf6 5. Bxf6 gxf6 6. Nf3 Bg7 7. Nc3 Bg4 8. Be2 Qd7 9. d4 Bxf3 10. Bxf3 Nxd4 11. O-O Rg8 12. Ne2 Nxf3+ 13. gxf3 f5 14. Kh1 Bxa1 15. Qxa1 fxe4 16. Rg1 O-O-O 17. fxe4 Qe6 18. f3 Qe5 19. Qb1 Rg6 20. f4 Rxg1+ 21. Nxg1 Qxf4 22. a3 Rg8 23. Qd3 Qg4 24. Qe3 Qg2# 0-1

[Event "4NCL Division Four"]
[Site "Telford, ENG"]
[Date "2024.05.06"]
[Round "11.121"]
[White "Hymer, Barry"]
[Black "MacNeil, Elliott"]
[Result "1-0"]
[WhiteElo "1984"]
[BlackElo "1942"]
[PlyCount "57"]
[EventDate "2024.05.06"]
[WhiteTeam "Lancaster"]
[BlackTeam "Wessex B"]

1. d4 d6 2. Nc3 g6 3. e4 Nf6 4. Nf3 c6 5. a4 Bg7 6. Be2 Qc7 7. O-O Nbd7 8. h3
e5 9. dxe5 dxe5 10. Bc4 O-O 11. Be3 b6 12. Qe2 a6 13. b4 Bb7 14. b5 cxb5 15.
axb5 a5 16. Ra3 Nxe4 17. Nxe4 Bxe4 18. Rc3 Qb7 19. Rd1 Rac8 20. Ng5 Nf6 21.
Bxb6 Bxg2 22. Bxf7+ Kh8 23. Rxc8 Rxc8 24. Be6 Qxb6 25. Bxc8 Nh5 26. Nf7+ Kg8
27. Qc4 Ba8 28. Nh6+ Kh8 29. Qg8# 1-0